Rabat a limitované zdroje v riadení zásob
Riadenie zásob s cieľom minimalizovať náklady. Nákladová funkcia základného modelu zásob. Modely zásob s rabatom založené na deterministickom modeli zásob optimálnej veľkosti dodávky. Riešenie optimálnej veľkosti dodávky. Modely zásob s dvoma cenovými zmenami. Nákladové funkcie v modeli zásob s raba...
Gespeichert in:
| 1. Verfasser: | |
|---|---|
| Format: | Buchkapitel |
| Sprache: | Slowakisch |
| Schlagworte: | |
| Tags: |
Keine Tags, Fügen Sie das erste Tag hinzu!
|
MARC
| LEADER | 00000nla$a2200000$$$4500 | ||
|---|---|---|---|
| 001 | 0110321 | ||
| 005 | 20240502083256.0 | ||
| 041 | 0 | |a slo | |
| 044 | |a CZ | ||
| 245 | 1 | 0 | |a Rabat a limitované zdroje v riadení zásob |c Katarína Čemická |
| 520 | |a Riadenie zásob s cieľom minimalizovať náklady. Nákladová funkcia základného modelu zásob. Modely zásob s rabatom založené na deterministickom modeli zásob optimálnej veľkosti dodávky. Riešenie optimálnej veľkosti dodávky. Modely zásob s dvoma cenovými zmenami. Nákladové funkcie v modeli zásob s rabatom. | ||
| 610 | 2 | 0 | |a výskum operačný |
| 610 | 2 | 0 | |a riadenie zásob |
| 610 | 2 | 0 | |a funkcie nákladové |
| 610 | 2 | 0 | |a rabat |
| 610 | 2 | 0 | |a ceny |
| 610 | 2 | 0 | |a dodávky |
| 610 | 2 | 0 | |a modely |
| 100 | 1 | |a Čemická, Katarína | |